000 00634cam a2200241 4500
008 090401t1994 xxu||||| |||| 00| 0 eng d
020 _a0901666785
035 _a(Sirsi) u52313
041 _aeng
050 _a336.21
100 _aFarrington, Colin
245 _aBusiness rates: your guide.
260 _aLondon
_bIRRV Services Ltd.
_c1994
300 _a52p. : ill. ; 21cm.
350 _a5.99
650 _aBUSINESS RATES
650 _aNON-DOMESTIC RATES
690 _aRATING AND VALUATION
700 _aDixon, Tom
710 _aInstitute of Revenues, Rating and Valuation
_92992
942 _n0
948 _c04/03/1997
999 _c93028
_d93028